[Event "Olomouc Chess Summer 2013 - Open Olomou"]
[Site "?"]
[Date "2013.08.04"]
[Round "4.20"]
[White "Zhylkaidarova, Sholpan"]
[Black "Sochorova, Petra"]
[Result "1-0"]
[WhiteElo "2047"]
[BlackElo "2195"]
[PlyCount "73"]
[EventDate "2013.??.??"]

1. d4 e6 2. c4 Nf6 3. Nc3 Bb4 4. a3 Bxc3+ 5. bxc3 O-O 6. e3 b6 7. Bd3 Bb7 8. f3
d5 9. Ne2 Nbd7 10. cxd5 exd5 11. O-O Re8 12. Ng3 c5 13. Ra2 Rc8 14. Re1 cxd4
15. cxd4 Nb8 16. Rf2 Ba6 17. Bxa6 Nxa6 18. e4 Re6 19. e5 Ne8 20. f4 Rec6 21.
Be3 Rc3 22. f5 Qe7 23. f6 Qxa3 24. Nf5 R8c7 25. fxg7 R3c6 26. Ref1 Qc3 27. Nh6+
Rxh6 28. Bxh6 Qc6 29. Qh5 Qe6 30. Rf3 Nb4 31. Rh3 Qg6 32. Qxg6 hxg6 33. Bd2 Nc2
34. Rh8+ Kxg7 35. Rxe8 Nxd4 36. Bg5 Kh7 37. Bf6 1-0

[Event "Olomouc Chess Summer 2013 - Open Olomou"]
[Site "?"]
[Date "2013.08.04"]
[Round "5.1"]
[White "Kazakov, Konstantin"]
[Black "Plat, Vojtech"]
[Result "0-1"]
[WhiteElo "2307"]
[BlackElo "2470"]
[PlyCount "52"]
[EventDate "2013.??.??"]

1. e4 c5 2. Nf3 Nc6 3. Bb5 g6 4. Bxc6 dxc6 5. d3 Bg7 6. Nc3 Nf6 7. O-O Nd7 8.
Be3 e5 9. Qd2 h6 10. a3 a5 11. Na4 Qe7 12. c4 Qd6 13. b4 axb4 14. axb4 cxb4 15.
c5 Qe7 16. Rfb1 f5 17. Qxb4 O-O 18. Bc1 Qf7 19. Bb2 fxe4 20. Qxe4 Nf6 21. Qxe5
Bf5 22. Qd6 Rfd8 23. Ne5 Qe8 24. Qc7 Nd5 25. Qxb7 Bxe5 26. Re1 Rdb8 0-1

[Event "Olomouc Chess Summer 2013 - Open Olomou"]
[Site "?"]
[Date "2013.08.04"]
[Round "5.2"]
[White "Pasiev, Rakhim"]
[Black "Ageichenko, Gennady"]
[Result "1-0"]
[WhiteElo "2376"]
[BlackElo "2302"]
[PlyCount "139"]
[EventDate "2013.??.??"]

1. e4 e5 2. Nf3 Nc6 3. Bc4 Bc5 4. c3 Nf6 5. d3 O-O 6. Nbd2 d6 7. h3 a6 8. Bb3
Ba7 9. Nf1 d5 10. Qe2 d4 11. Ng3 Be6 12. Bc2 b5 13. O-O h6 14. Rd1 Qd7 15. Kh2
Rad8 16. a4 Bb6 17. Bd2 Rfe8 18. axb5 axb5 19. Ra6 Ra8 20. Rda1 Rxa6 21. Rxa6
Qc8 22. Ra1 Qd7 23. Qe1 Qd6 24. Ne2 Nxe4 25. dxe4 d3 26. Bd1 dxe2 27. Bxe2 Bc4
28. Bxc4 bxc4 29. Be3 Rb8 30. Rd1 Qe6 31. Bxb6 cxb6 32. Rd5 Rd8 33. Qd2 Qe7 34.
Rxd8+ Nxd8 35. Qd5 Ne6 36. Qxe5 Qc5 37. Kg1 b5 38. Qxc5 Nxc5 39. Nd4 b4 40.
cxb4 Nxe4 41. b5 Kf8 42. b6 Nc5 43. Nf5 Ke8 44. Nd6+ Kd7 45. Nxc4 Kc6 46. Kf1
Kd5 47. b3 Kc6 48. Ke2 Nxb3 49. Ke3 Nc5 50. Kd4 f6 51. h4 h5 52. f3 g6 53. g4
Ne6+ 54. Ke3 Ng7 55. Kd4 Ne6+ 56. Kc3 g5 57. hxg5 h4 58. gxf6 h3 59. Ne5+ Kxb6
60. Nd3 h2 61. Nf2 Kc5 62. Kd3 Kd5 63. Ke3 Ke5 64. f7 Kf6 65. f4 Kxf7 66. Kf3
Kg7 67. Nh1 Kf6 68. Ng3 Nd4+ 69. Kg2 Ne6 70. Ne4+ 1-0

[Event "Olomouc Chess Summer 2013 - Open Olomou"]
[Site "?"]
[Date "2013.08.04"]
[Round "5.3"]
[White "Maryasin, Boris"]
[Black "Vrana, Jan"]
[Result "1/2-1/2"]
[WhiteElo "2332"]
[BlackElo "2356"]
[PlyCount "61"]
[EventDate "2013.??.??"]

1. e4 e5 2. Nf3 Nc6 3. Bc4 Bc5 4. O-O Nf6 5. d3 d6 6. c3 a6 7. Bb3 Ba7 8. Nbd2
O-O 9. Nc4 Ne7 10. Bg5 Ng6 11. Nh4 Kh8 12. Nf5 h6 13. Bxf6 Qxf6 14. Nce3 Qg5
15. Kh1 Nh4 16. Nxh4 Qxh4 17. g3 Qd8 18. Qh5 Be6 19. Rae1 Qe8 20. f4 Bxb3 21.
axb3 f6 22. Qe2 Bxe3 23. Qxe3 Qb5 24. fxe5 dxe5 25. b4 Rad8 26. Rd1 Rd6 27. Rd2
Rfd8 28. Rfd1 b6 29. Kg1 Qa4 30. Kf1 Qd7 31. Kg2 1/2-1/2

[Event "Olomouc Chess Summer 2013 - Open Olomou"]
[Site "?"]
[Date "2013.08.04"]
[Round "5.4"]
[White "Stachanczyk, Jacek"]
[Black "Kireev, Aleksei"]
[Result "1-0"]
[WhiteElo "2227"]
[BlackElo "2337"]
[PlyCount "165"]
[EventDate "2013.??.??"]

1. e4 d6 2. d4 g6 3. Nc3 c6 4. f4 d5 5. e5 h5 6. Nf3 Nh6 7. Be3 Bg4 8. h3 Nf5
9. Bf2 Bxf3 10. Qxf3 h4 11. Bd3 e6 12. O-O Nd7 13. Ne2 Be7 14. b3 a5 15. c4 Kf8
16. Rfc1 Kg7 17. Nc3 Rc8 18. Rc2 Ra8 19. Kh2 Rg8 20. Rac1 Ba3 21. Rd1 Be7 22.
Rdc1 Ba3 23. Rd1 Be7 24. Qe2 Rh8 25. Rdc1 Ba3 26. Rd1 Be7 27. Rdc1 Ba3 28. Rd1
Be7 29. cxd5 cxd5 30. Nb5 Qb6 31. Rc7 Rad8 32. Rdc1 Kf8 33. Qb2 Ng7 34. Be3 Ne8
35. Rc8 Nb8 36. Rxd8 Bxd8 37. Qc3 Nc6 38. Qc5+ Kg7 39. a3 Qa6 40. Qc2 Qb6 41.
Rg1 Kf8 42. Qc5+ Kg7 43. g4 hxg3+ 44. Rxg3 Ne7 45. Rg2 Kg8 46. Bd2 Ng7 47. b4
axb4 48. Bxb4 Qxc5 49. dxc5 Nh5 50. Bd2 Nc6 51. Nd6 b6 52. cxb6 Bxb6 53. Bc1
Nd4 54. Rb2 Nf3+ 55. Kh1 Bd8 56. Rb8 Kg7 57. Bb5 Nd4 58. a4 Ng3+ 59. Kg2 Nge2
60. Be3 Nxb5 61. axb5 d4 62. Bd2 Nc3 63. b6 Na4 64. b7 Nc5 65. Bb4 d3 66. Rc8
Nxb7 67. Nxb7 Bh4 68. Rxh8 Kxh8 69. Nd6 Kg7 70. Ne4 Bd8 71. Kf3 Kh6 72. Ke3 Kh5
73. Be1 Kh6 74. Kxd3 Kg7 75. Bd2 Bb6 76. Kc4 Bd8 77. Kc5 Kf8 78. Kc6 Bh4 79.
Kd7 Be7 80. Be3 Bh4 81. Bc5+ Kg7 82. Ke8 g5 83. Nxg5 1-0

[Event "Olomouc Chess Summer 2013 - Open Olomou"]
[Site "?"]
[Date "2013.08.04"]
[Round "5.5"]
[White "Kanovsky, David"]
[Black "Dukaczewski, Piotr"]
[Result "1/2-1/2"]
[WhiteElo "2391"]
[BlackElo "2233"]
[PlyCount "150"]
[EventDate "2013.??.??"]

1. e4 c5 2. Nf3 Nc6 3. d4 cxd4 4. Nxd4 Nf6 5. Nc3 d6 6. Bg5 e6 7. Qd2 a6 8.
O-O-O Bd7 9. f3 Be7 10. Be3 h5 11. Kb1 b5 12. Nxc6 Bxc6 13. Ne2 Qc7 14. Nd4 Bd7
15. Bg5 Qb6 16. Qe1 Rc8 17. f4 e5 18. Nf5 Bxf5 19. exf5 Ng4 20. Bxe7 Kxe7 21.
fxe5 dxe5 22. Rd2 Rhe8 23. h3 Nf6 24. g4 hxg4 25. hxg4 Nxg4 26. Bd3 Qc5 27. Re2
Kd7 28. f6 Nxf6 29. Bf5+ Kc7 30. Bxc8 Kxc8 31. Qg3 g6 32. Rf1 Re6 33. a3 Qc4
34. Rfe1 e4 35. Qf4 Qc7 36. Qh4 Kb7 37. Rd1 Qc6 38. Qg5 Nd7 39. Re3 Nb6 40. Rc3
Qe8 41. b3 Qe7 42. Qf4 f5 43. Qh2 Rc6 44. Rxc6 Kxc6 45. Qh6 Nc8 46. Qxg6+ Nd6
47. Qg8 f4 48. Qd5+ Kc7 49. Qc5+ Kd7 50. Qf5+ Qe6 51. Qxf4 e3 52. Qd4 Kc6 53.
Qa7 e2 54. Qxa6+ Kc7 55. Qa7+ Kc6 56. Re1 Qe5 57. a4 Ne4 58. axb5+ Kxb5 59.
Qb7+ Kc5 60. c4 Kd4 61. Qd5+ Qxd5 62. cxd5 Ke3 63. Kc2 Kf2 64. Ra1 e1=Q 65.
Rxe1 Kxe1 66. Kd3 Nd6 67. b4 Kf2 68. Kd4 Kf3 69. Kc5 Nf7 70. b5 Ke4 71. b6 Nd8
72. Kd6 Kd4 73. Kc7 Kxd5 74. Kxd8 Kc6 75. Kc8 Kxb6 1/2-1/2

[Event "Olomouc Chess Summer 2013 - Open Olomou"]
[Site "?"]
[Date "2013.08.04"]
[Round "5.6"]
[White "Sergienko, Sergey"]
[Black "Beil, Zdenek"]
[Result "0-1"]
[WhiteElo "2379"]
[BlackElo "2238"]
[PlyCount "82"]
[EventDate "2013.??.??"]

1. e4 c5 2. Nf3 e6 3. g3 Nc6 4. Bg2 d5 5. exd5 exd5 6. d4 Bg4 7. O-O Nxd4 8.
Qe1+ Be6 9. Nxd4 cxd4 10. Qd1 Bc5 11. Nd2 Ne7 12. Nb3 Qb6 13. a4 a5 14. Nxc5
Qxc5 15. b3 Nc6 16. Ba3 Nb4 17. Qd2 O-O 18. Rfd1 Rac8 19. Bxb4 axb4 20. Qxd4
Qxc2 21. Qxb4 Rfd8 22. Rd2 Qc1+ 23. Rd1 Qc3 24. Qxb7 d4 25. a5 d3 26. a6 d2 27.
Bf3 Qxa1 28. Rxa1 Rc1+ 29. Kg2 Rxa1 30. Qb6 d1=Q 31. Bxd1 Raxd1 32. b4 g5 33.
Qc5 h6 34. g4 Bd5+ 35. f3 Rd2+ 36. Kg3 Rd3 37. Kg2 Bxf3+ 38. Kf2 Ra3 39. b5
Rd2+ 40. Kg3 Rad3 41. Qc8+ Kg7 0-1

[Event "Olomouc Chess Summer 2013 - Open Olomou"]
[Site "?"]
[Date "2013.08.04"]
[Round "5.7"]
[White "Tregubov, Andrey"]
[Black "Volodin, Viktor"]
[Result "1/2-1/2"]
[WhiteElo "2333"]
[BlackElo "2188"]
[PlyCount "82"]
[EventDate "2013.??.??"]

1. d4 d5 2. Nf3 e6 3. c4 c6 4. Bf4 Bd6 5. Bxd6 Qxd6 6. Qc2 Nd7 7. Nbd2 Ngf6 8.
e3 O-O 9. Be2 e5 10. cxd5 cxd5 11. dxe5 Nxe5 12. O-O Bg4 13. h3 Rfc8 14. Qb3
Nxf3+ 15. Nxf3 Bd7 16. Rac1 Rxc1 17. Rxc1 Rc8 18. Rxc8+ Bxc8 19. Qc3 Bd7 20.
Qa5 Qb8 21. Nd4 h6 22. Bd3 g6 23. Qc5 Kg7 24. b4 a6 25. a3 Qc8 26. Nb3 Qxc5 27.
Nxc5 Bc6 28. Kf1 Nd7 29. Nxd7 Bxd7 30. Ke2 Kf6 31. Kd2 Ke5 32. f4+ Kd6 33. h4
Bc8 34. Kc3 b6 35. Kd4 a5 36. bxa5 bxa5 37. Bb1 Bf5 38. Bxf5 gxf5 39. h5 f6 40.
a4 Kc6 41. Kd3 Kc5 1/2-1/2

[Event "Olomouc Chess Summer 2013 - Open Olomou"]
[Site "?"]
[Date "2013.08.04"]
[Round "5.8"]
[White "Dvorak, Martin"]
[Black "Jasny, Stanislav"]
[Result "1/2-1/2"]
[WhiteElo "2180"]
[BlackElo "2311"]
[PlyCount "86"]
[EventDate "2013.??.??"]

1. e4 c5 2. Nf3 d6 3. d4 cxd4 4. Nxd4 Nf6 5. Nc3 Nc6 6. Be2 e5 7. Nb3 Be7 8.
Be3 O-O 9. f3 a5 10. O-O a4 11. Nd2 a3 12. b3 Rb8 13. Nd5 Nxd5 14. exd5 Nb4 15.
Nc4 Bf5 16. Nxa3 Qa5 17. c3 Qxa3 18. cxb4 Qxb4 19. Qd2 Qxd2 20. Bxd2 Rfc8 21.
Rfc1 Rc5 22. Rxc5 dxc5 23. a4 Bd6 24. Rc1 Kf8 25. Kf2 Bd7 26. g4 Ke7 27. Bd3 h6
28. h4 Rh8 29. h5 Rc8 30. Be3 b6 31. g5 hxg5 32. Bxg5+ f6 33. Bd2 Rh8 34. Rg1
Kf8 35. Bg6 Be7 36. a5 bxa5 37. Bxa5 Bd6 38. Bd2 Ke7 39. Ra1 Rc8 40. Ra7 Rc7
41. Ra8 Rc8 42. Ra7 Rc7 43. Ra8 Rc8 1/2-1/2

[Event "Olomouc Chess Summer 2013 - Open Olomou"]
[Site "?"]
[Date "2013.08.04"]
[Round "5.10"]
[White "Schmid, Thomas"]
[Black "Pogan, Nikolas"]
[Result "1-0"]
[WhiteElo "2197"]
[BlackElo "2284"]
[PlyCount "65"]
[EventDate "2013.??.??"]

1. e4 e6 2. d4 d5 3. Nd2 Nf6 4. e5 Nfd7 5. Bd3 c5 6. c3 Nc6 7. Ne2 Qb6 8. Nf3
cxd4 9. cxd4 f6 10. exf6 Nxf6 11. O-O Bd6 12. b3 O-O 13. Bb2 Bd7 14. Ng3 Rac8
15. Ne5 Be8 16. Rc1 Qd8 17. Qe2 Nb4 18. Bb1 Rxc1 19. Rxc1 Qe7 20. a3 Nc6 21. b4
Bb8 22. f4 a6 23. Re1 Nxe5 24. dxe5 Ba7+ 25. Kh1 Nd7 26. f5 Qh4 27. Rf1 g6 28.
fxe6 Rxf1+ 29. Qxf1 Nf8 30. Ba2 Nxe6 31. Bxd5 Bf7 32. Ne4 Be3 33. Nd6 1-0

[Event "Olomouc Chess Summer 2013 - Open Olomou"]
[Site "?"]
[Date "2013.08.04"]
[Round "5.11"]
[White "Blazeka, Matej"]
[Black "Zakharchenko, Arnold"]
[Result "1/2-1/2"]
[WhiteElo "2282"]
[BlackElo "2179"]
[PlyCount "34"]
[EventDate "2013.??.??"]

1. e4 c5 2. Nf3 d6 3. d4 cxd4 4. Nxd4 Nf6 5. f3 e5 6. Nb3 d5 7. Bg5 dxe4 8.
Qxd8+ Kxd8 9. Bxf6+ gxf6 10. fxe4 Be6 11. Nc3 Nd7 12. O-O-O Ke7 13. Nd5+ Bxd5
14. Rxd5 Nb6 15. Rd3 Nc4 16. Be2 Bh6+ 17. Kb1 Ne3 1/2-1/2

[Event "Olomouc Chess Summer 2013 - Open Olomou"]
[Site "?"]
[Date "2013.08.04"]
[Round "5.13"]
[White "Hjelmaas, Lars"]
[Black "Karhanek, Pavel"]
[Result "1-0"]
[WhiteElo "2270"]
[BlackElo "2105"]
[PlyCount "123"]
[EventDate "2013.??.??"]

1. d4 d5 2. Nf3 Nf6 3. c4 c6 4. Nc3 a6 5. a4 e6 6. g3 Be7 7. Bg2 O-O 8. O-O c5
9. dxc5 Bxc5 10. cxd5 Nxd5 11. Qb3 Nc6 12. Ne4 Be7 13. Rd1 Qb6 14. Qc2 Ncb4 15.
Qb1 h6 16. Nc3 Bf6 17. Nxd5 exd5 18. Be3 Qd8 19. Bc5 Be7 20. Bxb4 Bxb4 21. e4
Qf6 22. exd5 Bf5 23. Qc1 Rac8 24. Qf4 Bd6 25. Qd4 Qe7 26. Nh4 Bd7 27. Re1 Qd8
28. Be4 f5 29. Bg2 f4 30. Rac1 fxg3 31. hxg3 Qg5 32. Rxc8 Rxc8 33. Nf3 Qh5 34.
b3 Rc2 35. b4 a5 36. Qb6 Bc7 37. Qxb7 Bxa4 38. Qc8+ Kh7 39. Nd4 Bxg3 40. Nxc2
Qh2+ 41. Kf1 Bb5+ 42. Re2 Bxe2+ 43. Kxe2 Qxg2 44. Qf5+ Kh8 45. Ne3 Qh2 46. Nf1
Qh4 47. Nxg3 Qxb4 48. Ne4 Qb5+ 49. Ke3 a4 50. Qf8+ Kh7 51. Qf7 Qb3+ 52. Kf4 Qc4
53. Qf5+ Kg8 54. Qe6+ Kh7 55. Qf5+ Kg8 56. d6 a3 57. d7 Qc7+ 58. Kg4 a2 59.
Nf6+ gxf6 60. Qg6+ Kf8 61. Qxf6+ Kg8 62. d8=Q+ 1-0

[Event "Olomouc Chess Summer 2013 - Open Olomou"]
[Site "?"]
[Date "2013.08.04"]
[Round "5.14"]
[White "Furman, Boris"]
[Black "Ptacnikova, Lenka"]
[Result "1-0"]
[WhiteElo "2164"]
[BlackElo "2239"]
[PlyCount "97"]
[EventDate "2013.??.??"]

1. d4 Nf6 2. c4 e6 3. Nc3 d5 4. cxd5 exd5 5. Bg5 Be7 6. e3 O-O 7. Bd3 Nbd7 8.
Nf3 b6 9. O-O Bb7 10. Qc2 c5 11. Rad1 h6 12. Bh4 Qc7 13. Bf5 Rfd8 14. Ne5 Nxe5
15. dxe5 Ne4 16. Bxe7 Qxe7 17. Nxe4 dxe4 18. Bxe4 Bxe4 19. Qxe4 Rxd1 20. Rxd1
Rd8 21. Rd5 Rc8 22. Qf5 Rc7 23. Qd3 g6 24. Rd8+ Kg7 25. f4 c4 26. Qd4 Qc5 27.
Qc3 Qe7 28. Qd4 Qc5 29. Qxc5 Rxc5 30. Rd7 Kf8 31. Rxa7 Rb5 32. Rc7 Rxb2 33.
Rxc4 Rxa2 34. Rb4 Ra6 35. Kf2 Ke7 36. Kf3 f6 37. exf6+ Kxf6 38. g4 Ke6 39. Rb5
Kf7 40. h4 Kg7 41. h5 gxh5 42. gxh5 Kf7 43. f5 Kf6 44. Kf4 Ra4+ 45. e4 Ra6 46.
Re5 Kg7 47. Re6 Ra1 48. Rxb6 Rh1 49. Rg6+ 1-0

[Event "Olomouc Chess Summer 2013 - Open Olomou"]
[Site "?"]
[Date "2013.08.04"]
[Round "5.15"]
[White "Sabuk, Piotr"]
[Black "Zhylkaidarova, Sholpan"]
[Result "1-0"]
[WhiteElo "2239"]
[BlackElo "2047"]
[PlyCount "116"]
[EventDate "2013.??.??"]

1. d4 d5 2. c4 e6 3. Nf3 Nf6 4. g3 dxc4 5. Bg2 a6 6. O-O c5 7. dxc5 Qxd1 8.
Rxd1 Nc6 9. Nd4 Bd7 10. Nxc6 Bxc6 11. Bxc6+ bxc6 12. Rd4 Bxc5 13. Rxc4 Ba7 14.
Rxc6 Kd7 15. Rc4 Rhc8 16. Nd2 Ne8 17. Kf1 Nd6 18. Rxc8 Rxc8 19. e3 e5 20. Ke2
f5 21. b3 Ke6 22. Ba3 Nb5 23. Bb4 f4 24. Nc4 fxe3 25. fxe3 Nc7 26. Bc3 Nd5 27.
Bd2 Nf6 28. Rd1 Ne4 29. Be1 Rf8 30. g4 g5 31. Rc1 Rc8 32. Bb4 Nf6 33. h3 Bxe3
34. Kxe3 Nd5+ 35. Ke4 Nxb4 36. Rd1 Rc6 37. a3 Nc2 38. Rd5 Kf6 39. Rxe5 Na1 40.
Rf5+ Ke7 41. Kd5 Rh6 42. Rf3 Re6 43. Rc3 Re2 44. Ne3 Rh2 45. Nf5+ Kd7 46. Nd4
Rd2 47. Kc4 Kd6 48. b4 Rb2 49. Re3 Kd7 50. Rd3 Kc8 51. Kc5 Kb7 52. Rc3 Ra2 53.
Kd5 Rd2 54. Kc5 Ra2 55. Re3 h6 56. Re7+ Kc8 57. Nc6 Rxa3 58. Kb6 Ra2 1-0

[Event "Olomouc Chess Summer 2013 - Open Olomou"]
[Site "?"]
[Date "2013.08.04"]
[Round "5.16"]
[White "Johansson, Jan"]
[Black "Stachon, Martin"]
[Result "1-0"]
[WhiteElo "2394"]
[BlackElo "2116"]
[PlyCount "79"]
[EventDate "2013.??.??"]

1. d4 Nf6 2. Nf3 g6 3. c4 Bg7 4. Nc3 d6 5. Bg5 h6 6. Bh4 O-O 7. e3 c5 8. Be2 g5
9. Bg3 Nh5 10. dxc5 Nxg3 11. hxg3 dxc5 12. Qc2 e6 13. g4 Qe7 14. O-O-O Nc6 15.
Rh5 f6 16. Rdh1 Bd7 17. Bd3 Be8 18. Bh7+ Kh8 19. Bg6 f5 20. Bxe8 Raxe8 21. Nxg5
Nb4 22. Qe2 Kg8 23. Nh3 Rd8 24. Nf4 Qf6 25. a3 Nc6 26. gxf5 exf5 27. Rd1 Rxd1+
28. Qxd1 Rd8 29. Qc2 Rf8 30. Kb1 Ne5 31. Ncd5 Qf7 32. Rxf5 Qe8 33. Rxf8+ Qxf8
34. Ne6 Qf7 35. Nxg7 Qxg7 36. f4 Nc6 37. g4 a6 38. Qf5 Ne7 39. Qe6+ Kf8 40.
Qxe7+ 1-0

[Event "Olomouc Chess Summer 2013 - Open Olomou"]
[Site "?"]
[Date "2013.08.04"]
[Round "5.17"]
[White "Schmidt, Raul"]
[Black "Hrabal, Michal"]
[Result "1-0"]
[WhiteElo "2371"]
[BlackElo "2099"]
[PlyCount "85"]
[EventDate "2013.??.??"]

1. Nf3 g6 2. c4 Bg7 3. d4 Nf6 4. Nc3 O-O 5. e4 d6 6. Be2 e5 7. O-O Nc6 8. d5
Ne7 9. b4 a5 10. Ba3 Nh5 11. g3 f5 12. Ng5 Nf6 13. c5 fxe4 14. b5 Nf5 15. Ngxe4
dxc5 16. Bxc5 Nd6 17. f3 b6 18. Nxd6 cxd6 19. Be3 Bb7 20. Ne4 Kh8 21. Bc4 Bc8
22. Rc1 Bf5 23. Nxf6 Bxf6 24. Qd2 Bh3 25. Rfe1 Bd7 26. Bd3 Rc8 27. Rxc8 Qxc8
28. Bxb6 Qb7 29. Bxa5 Bxb5 30. Be4 Bg5 31. Qf2 Ra8 32. Bb4 Ra6 33. a3 Bd8 34.
Qc2 Ba5 35. Rc1 Bxb4 36. Qc8+ Qxc8 37. Rxc8+ Kg7 38. axb4 Ra4 39. Rb8 Bc4 40.
Rb7+ Kh6 41. h4 Ra1+ 42. Kf2 Ra2+ 43. Ke1 1-0

[Event "Olomouc Chess Summer 2013 - Open Olomou"]
[Site "?"]
[Date "2013.08.04"]
[Round "5.18"]
[White "Kriebel, Tadeas"]
[Black "Blazeka, Damjan"]
[Result "1-0"]
[WhiteElo "2351"]
[BlackElo "2096"]
[PlyCount "121"]
[EventDate "2013.??.??"]

1. e4 e6 2. d4 d5 3. Nc3 Nf6 4. e5 Nfd7 5. f4 c5 6. Nf3 Nc6 7. Be3 Qb6 8. Na4
Qa5+ 9. c3 c4 10. b4 Qc7 11. g3 Be7 12. Bh3 O-O 13. O-O b5 14. Nc5 Nxc5 15.
dxc5 a5 16. a3 axb4 17. axb4 Rxa1 18. Qxa1 Bb7 19. Nd4 Nxd4 20. Bxd4 Ra8 21.
Qb1 Bc8 22. f5 exf5 23. Bxf5 g6 24. Bxc8 Qxc8 25. Qb2 Qe6 26. Qf2 Rf8 27. Qf4
Ra8 28. h3 Ra6 29. Rf2 Kg7 30. Kg2 Kg8 31. Qg4 Qxg4 32. hxg4 Bd8 33. Kf3 Ra1
34. Kf4 Bc7 35. g5 Ra3 36. Kg4 Bd8 37. c6 Ra6 38. Bc5 Rxc6 39. Rd2 Bb6 40. Bxb6
Rxb6 41. Kf4 Ra6 42. Ke3 Ra3 43. Kd4 Kg7 44. Rc2 Ra1 45. Kc5 Rg1 46. Kxb5 Rxg3
47. Kc6 Rxg5 48. Kxd5 f6 49. b5 Rxe5+ 50. Kxc4 h5 51. b6 h4 52. b7 Re8 53. Kd5
g5 54. c4 h3 55. c5 g4 56. c6 g3 57. Rc3 g2 58. Rg3+ Kf7 59. c7 h2 60. c8=Q
Re5+ 61. Kd6 1-0

[Event "Olomouc Chess Summer 2013 - Open Olomou"]
[Site "?"]
[Date "2013.08.04"]
[Round "5.19"]
[White "Mammadova, Narmin"]
[Black "Musaev, Rasul"]
[Result "0-1"]
[WhiteElo "2020"]
[BlackElo "2301"]
[PlyCount "116"]
[EventDate "2013.??.??"]

1. e4 e6 2. d4 d5 3. exd5 exd5 4. Bd3 Nc6 5. c3 Bd6 6. Nf3 Nge7 7. Qc2 Bg4 8.
Nbd2 Qd7 9. O-O O-O-O 10. b4 Bf5 11. b5 Bxd3 12. Qxd3 Na5 13. Nb3 Nc4 14. a4
Qf5 15. Qxf5+ Nxf5 16. Nfd2 Nxd2 17. Bxd2 Rhe8 18. Rfe1 f6 19. g3 b6 20. a5
Rxe1+ 21. Rxe1 Kd7 22. Ra1 Ra8 23. Kf1 h5 24. Ke2 Be7 25. Kd3 Nd6 26. Rb1 Nxb5
27. Nc5+ bxc5 28. Rxb5 c4+ 29. Ke2 Kc6 30. Rb1 Bd6 31. a6 Re8+ 32. Kf1 g5 33.
f3 Kd7 34. Rb7 Kc6 35. Rb1 Ra8 36. Rb7 Kd7 37. Ke2 Kc8 38. Kd1 h4 39. f4 gxf4
40. Bxf4 Bxf4 41. gxf4 Kd7 42. Ke2 Kc6 43. Kf3 h3 44. Kg4 Re8 45. Rxa7 Re3 46.
Ra8 Rxc3 47. a7 Ra3 48. Kf5 c3 49. Re8 Rxa7 50. Kxf6 Kb5 51. f5 c2 52. Re1 Kc4
53. Kg6 Kxd4 54. f6 c5 55. f7 Rxf7 56. Kxf7 Kc3 57. Ke6 d4 58. Kd5 d3 0-1

[Event "Olomouc Chess Summer 2013 - Open Olomou"]
[Site "?"]
[Date "2013.08.04"]
[Round "5.20"]
[White "Dauletova, Gulmira"]
[Black "Ragaa, Hassan"]
[Result "0-1"]
[WhiteElo "2266"]
[BlackElo "2067"]
[PlyCount "87"]
[EventDate "2013.??.??"]

1. e4 d5 2. exd5 Nf6 3. Bb5+ Nbd7 4. c4 a6 5. Bxd7+ Qxd7 6. d3 b5 7. Qe2 e6 8.
dxe6 Qxe6 9. Nc3 Bb4 10. cxb5 axb5 11. Bd2 c6 12. Nf3 O-O 13. Qxe6 Bxe6 14. Nd4
Bd7 15. O-O c5 16. Nf3 Rfd8 17. Bg5 Bxc3 18. bxc3 Bf5 19. d4 Rd5 20. Be3 c4 21.
a3 Ne4 22. Rfc1 Rd7 23. Nh4 Be6 24. f3 Nf6 25. Rcb1 Nd5 26. Bd2 f6 27. g4 Ra5
28. Re1 Kf7 29. Ng2 Rda7 30. Rab1 Rxa3 31. Rxb5 Nxc3 32. Rb6 Bd7 33. Ne3 Na4
34. Rd6 c3 35. Bc1 Ra1 36. Nd5 Bb5 37. f4 Bc4 38. Nb6 Nxb6 39. Rxb6 Re7 40.
Rxe7+ Kxe7 41. Rc6 Rxc1+ 42. Kf2 Bb5 43. Rc5 c2 44. Ke3 0-1

[Event "Olomouc Chess Summer 2013 - Open senior"]
[Site "Olomouc (CZE), Hotel Flora"]
[Date "2013.08.04"]
[Round "5.1"]
[White "Vorobyov, Yrij"]
[Black "Golcman, Evgeny"]
[Result "1/2-1/2"]
[WhiteElo "2238"]
[BlackElo "2264"]
[PlyCount "21"]
[EventDate "2013.07.31"]

1. e4 e5 2. Nf3 Nc6 3. Bb5 g6 4. O-O Bg7 5. c3 d6 6. h3 Bd7 7. d4 Nge7 8. dxe5
Nxe5 9. Bxd7+ Qxd7 10. Nxe5 dxe5 11. Qxd7+ 1/2-1/2

[Event "Olomouc Chess Summer 2013 - Open senior"]
[Site "Olomouc (CZE), Hotel Flora"]
[Date "2013.08.04"]
[Round "5.2"]
[White "Lemson, Nico"]
[Black "Zoltek, Tadeusz"]
[Result "1-0"]
[WhiteElo "1774"]
[BlackElo "2165"]
[PlyCount "80"]
[EventDate "2013.07.31"]

1. e4 e6 2. d4 d5 3. exd5 exd5 4. Nf3 Nf6 5. Bd3 Bg4 6. O-O Be7 7. Re1 O-O 8.
Be3 Ne4 9. Nc3 f5 10. Be2 f4 11. Bc1 Bb4 12. Bd2 Nc6 13. Nxe4 dxe4 14. Bc4+ Kh8
15. Rxe4 Bxf3 16. gxf3 Qg5+ 17. Kh1 Bd6 18. Qg1 Qh6 19. Re6 Qh5 20. Bc3 b5 21.
Bd3 Qxf3+ 22. Qg2 Qxg2+ 23. Kxg2 f3+ 24. Kh3 b4 25. Be4 bxc3 26. Bxc6 cxb2 27.
Rb1 Rab8 28. Re3 g5 29. c4 Rf4 30. Bxf3 Rxd4 31. Bd5 g4+ 32. Kg2 Rd2 33. Rb3
Rxb3 34. axb3 Bc5 35. Kg3 Bxf2+ 36. Kxg4 Be3 37. h3 Rd4+ 38. Kf5 Bc1 39. Ke6 c6
40. Bxc6 Rxc4 1-0

[Event "Olomouc Chess Summer 2013 - Open senior"]
[Site "Olomouc (CZE), Hotel Flora"]
[Date "2013.08.04"]
[Round "5.3"]
[White "Komysheva, Margarita"]
[Black "Zdrazil, Bohumir"]
[Result "1-0"]
[WhiteElo "2050"]
[BlackElo "1907"]
[PlyCount "85"]
[EventDate "2013.07.31"]

1. e4 c5 2. Nf3 e6 3. d4 cxd4 4. Nxd4 Nc6 5. Be2 a6 6. O-O Nf6 7. Nc3 Be7 8.
Nxc6 dxc6 9. Qxd8+ Bxd8 10. Bf4 b6 11. Rad1 Ra7 12. Rd2 Rd7 13. Rfd1 Rxd2 14.
Rxd2 Nd7 15. f3 e5 16. Be3 b5 17. a4 Ba5 18. Rd3 Nb6 19. axb5 axb5 20. Bc5 b4
21. Nd1 Ba6 22. Rd2 Bxe2 23. Rxe2 Na4 24. Bd6 f6 25. b3 Nc3 26. Nxc3 bxc3 27.
Bc5 Kf7 28. b4 Bc7 29. Re3 Rd8 30. Rxc3 Rd1+ 31. Kf2 Rd7 32. Ke1 Bd6 33. Bxd6
Rxd6 34. Rd3 Rxd3 35. cxd3 Ke7 36. Ke2 Kd6 37. Kd2 c5 38. Kc3 h5 39. Kc4 cxb4
40. Kxb4 h4 41. Kc4 g5 42. g3 hxg3 43. hxg3 1-0